La destacada obra geopaleontológica de Don Carlos Rusconi / (Registro nro. 64567)

Detalles MARC
000 -LEADER
campo de control de longitud fija 00709nam a2200205 i 4500
001 - NÚMERO DE CONTROL
campo de control 64567
003 - IDENTIFICADOR DE NÚMERO DE CONTROL
campo de control ES-MaACL
005 - FECHA Y HORA DE LA ÚLTIMA TRANSACCIÓN
campo de control 20230906165148.0
007 - CAMPO FIJO DE DESCRIPCIÓN FÍSICA--INFORMACIÓN GENERAL
campo de control de longitud fija t|
008 - DATOS DE LONGITUD FIJA--INFORMACIÓN GENERAL
campo de control de longitud fija 031229s1933 uy ||||1| spa d
100 1# - ENTRADA PRINCIPAL--NOMBRE DE PERSONA
Nombre de persona Fontana Company, Mario A.
9 (RLIN) 51602
245 13 - MENCIÓN DEL TÍTULO
Título La destacada obra geopaleontológica de Don Carlos Rusconi /
Mención de responsabilidad, etc. Mario A. Fontana Company.
260 ## - PUBLICACIÓN, DISTRIBUCIÓN, ETC.
Lugar de publicación, distribución, etc. Montevideo :
Nombre del editor, distribuidor, etc. [s.n.,
Fecha de publicación, distribución, etc. 1933] (
Fabricante Imp. El Siglo Ilustrado)
300 ## - DESCRIPCIÓN FÍSICA
Extensión 28 p. ;
Dimensiones 28 cm.
490 1# - MENCIÓN DE SERIE
Mención de serie Revista de la Sociedad Amigos de la Arqueología ;
Designación de volumen o secuencia 6
600 14 - PUNTO DE ACCESO ADICIONAL DE MATERIA--NOMBRE DE PERSONA
Nombre de persona Rusconi, Carlos.
9 (RLIN) 158550
830 0# - PUNTO DE ACCESO ADICIONAL DE SERIE-TÍTULO UNIFORME
Título uniforme Revista de la Sociedad Amigos de la Arqueología ;
Designación de volumen o secuencia 6
9 (RLIN) 230722
852 ## - LOCALIZACIÓN
Ubicación ES-MaACL
Número de control de estantería 1769-F-4
Existencias
Estatus retirado Estado de pérdida Estado de daño No para préstamo Colección Biblioteca de origen Biblioteca actual Ubicación en estantería Fecha de adquisición Fuente de adquisición Total de préstamos Signatura topográfica completa Código de barras Visto por última vez Precio de reemplazo Tipo de ítem Koha
        Colección de folletos Biblioteca del Ateneo de Madrid Biblioteca del Ateneo de Madrid Depósito folletos 17/01/2008     1769-F-4 1067656 23/02/2023 23/02/2023 Folleto